• 首页
  • 本馆介绍
  • 公告通知
  • 最新文献
  • 馆藏检索
  • 电子资源
  • 读者导购
  • 参考咨询
  • 我的图书馆
  • 登录
  • 详细信息显示
  • 放入我的书架
  • 预约/预借图书
  • 作者相关作品
  • 分类相关作品
  • 丛书相关作品
  • 出版社相关作品

书目信息

  • 表格格式
  • 工作单格式
  • 卡片格式
题名:
科技检索工具书综录
    
 
作者: 关一明 编
分册: 下卷  
出版信息: 沈阳   辽宁人民出版社  1988.2
页数: 523页
开本: 19cm
丛书名: 图书情报业务丛书
单 册:
中图分类: Z87
科图分类:
主题词: 期刊目录 , 报纸目录
电子资源:
ISBN: 7-205-00430-6
000 00771nam0 2200229 45
001 0181015653
005 20060430155023.51
010    @a7-205-00430-6@dCNY7.30(全2册)
100    @a20810111d km y0chiy0120 ea
101 0  @achi
200 1  @a科技检索工具书综录@Ake ji jian suo gong ju shu zong lu@e近2500种国内外科技文献检索工具书简介@h下卷@f关一明等编@Fguan yi ming
210    @a沈阳@c辽宁人民出版社@d1988.2
215    @a523页@d19cm
225    @a图书情报业务丛书
410    @12001 @a图书情报业务丛书
517    @a近2500种国内外科技文献检索工具书简介@AJin 2500 Zhong Guo Nei Wai Ke JiWen Xian Jian Suo Gong Ju Shu Jian Jie
606 0  @a期刊目录
606 0  @a报纸目录
690    @aZ87@v3
701 0  @a关一明@4编
801    @aCN@bTSTC@c20060430
905    @dZ87@e39:2
    
    科技检索工具书综录:近2500种国内外科技文献检索工具书简介.下卷/关一明等编.-沈阳:辽宁人民出版社,1988.2
    523页;19cm.-(图书情报业务丛书)
    
    
    ISBN 7-205-00430-6:CNY7.30(全2册)
    
●
相关链接 在E读中查询图书 在五车中查询图书 在当当中查询图书 在豆瓣中查询图书


正题名:科技检索工具书综录     索取号:Z87/39:2         预约/预借

序号 登录号 条形码 馆藏地/架位号 状态 备注
1 0215466   001559539   第三借阅区/ [索取号:Z87/39:2] 在馆    
2 0215467   001963469   第三借阅区/ [索取号:Z87/39:2] 在馆    
3 0215468   001559548   第二样本阅览室/ [索取号:Z87/39:2] 在馆    
4 0215469   202328454   密集书库/ [索取号:Z87/39:2] 在馆    
唐山师范学院图书馆 欢迎您!
大连网信软件有限公司© 版权所有